000 00327nam a2200133Ia 4500
005 20260328104300.0
008 260328s9999||||xx |||||||||||||| ||und||
100 _aSnøhetta
245 0 _aSnøhetta People process projects /
_cSnøhetta
260 _bForlaget Press
300 _a296 p.
650 _aFOTOGRAFÍA
942 _cBK
999 _c10582
_d10582